X. slovensko-poľsko-ukrajinský vedecký seminár
V dňoch 4.-6. novembra 2003 sa vo Svätom Jure uskutočnil jubilejný X. slovensko-poľsko-ukrajinský seminár. Organizačne seminár zabezpečila Katedra štatistiky EU v Bratislave. Na seminári sa zúčastnilo 23 zahraničných hostí. Konal sa pod názvom "Výučba kvantitatívnych matematicko-štatistických metód...
Salvato in:
| Autore principale: | |
|---|---|
| Natura: | Capitolo di libro |
| Lingua: | slovacco |
| Soggetti: | |
| Tags: |
Nessun Tag, puoi essere il primo ad aggiungerne!!
|
MARC
| LEADER | 00000naa$a2200000$$$4500 | ||
|---|---|---|---|
| 001 | 0012847 | ||
| 005 | 20240502071358.0 | ||
| 041 | 0 | |a slo | |
| 044 | |a SK | ||
| 245 | 1 | 0 | |a X. slovensko-poľsko-ukrajinský vedecký seminár |c aut. Eva Sodomová |
| 520 | |a V dňoch 4.-6. novembra 2003 sa vo Svätom Jure uskutočnil jubilejný X. slovensko-poľsko-ukrajinský seminár. Organizačne seminár zabezpečila Katedra štatistiky EU v Bratislave. Na seminári sa zúčastnilo 23 zahraničných hostí. Konal sa pod názvom "Výučba kvantitatívnych matematicko-štatistických metód na ekonomických univerzitách vzhľadom na potreby budúcnosti". Prehľad vystúpení, ktoré boli prezentované počas seminára. | ||
| 610 | 2 | 0 | |a štatistika |
| 610 | 2 | 0 | |a metódy štatistické |
| 610 | 2 | 0 | |a metódy matematicko-štatistické |
| 610 | 2 | 0 | |a semináre |
| 610 | 2 | 0 | |a univerzity |
| 610 | 2 | 0 | |a výučba vedecká |
| 100 | 1 | |a Sodomová, Eva | |